C20 - Sprievodca architektúrou Piešťan /
Guardado en:
| Autores principales: | , |
|---|---|
| Formato: | Libro |
| Lenguaje: | eslovaco |
| Publicado: |
Bratislava :
Archimera,
2020,
|
| Edición: | 1. vydanie |
| Materias: | |
| Etiquetas: |
Sin Etiquetas, Sea el primero en etiquetar este registro!
|
MARC
| LEADER | 00000nam a22000003a 4500 | ||
|---|---|---|---|
| 001 | 0089548 | ||
| 003 | SK-STU | ||
| 005 | 20250220111545.7 | ||
| 007 | ta | ||
| 008 | 210719s ----xo-----e------000-0-----d | ||
| 020 | |a 978-80-972341-8-8 | ||
| 040 | |a STU |b slo | ||
| 041 | 0 | |a slo | |
| 044 | |a xo | ||
| 100 | 1 | |a Kalinová, Andrea |4 aut |r Z5 | |
| 245 | 1 | 0 | |a C20 - Sprievodca architektúrou Piešťan / |c aut. Andrea Kalinová, Martin Zaiček |
| 250 | |a 1. vydanie | ||
| 260 | |a Bratislava : |b Archimera, |c 2020, | ||
| 300 | |a 61 s. | ||
| 650 | 0 | 7 | |a architektúra |
| 650 | 0 | 7 | |a zdravotnícke budovy |
| 650 | 0 | 7 | |a kúpele |
| 650 | 0 | 7 | |a hotely |
| 650 | 0 | 7 | |a vily |
| 650 | 0 | 7 | |a Piešťany - kúpele |
| 650 | 0 | 7 | |a sanatórium |
| 700 | 1 | |a Zaiček, Martin, |d 1987- |4 aut |X 77088 |7 77088 | |
| 996 | |b 284AU08861 |c A* 12141/U |l AAKNST |s P |a 0 |w 0089548_0001 | ||
| 996 | |b 284AU08862 |c A* 12142/U |l AAKNAR |s A |a 24 |w 0089548_0002 | ||
| 996 | |b 284AU08863 |c A* 12143/U |l AAKNAR |s A |a 24 |w 0089548_0003 | ||